| 000 | 00571nam a2200217Ia 4500 | ||
|---|---|---|---|
| 008 | 160819s9999 xx 000 0 und d | ||
| 020 | _a978-1-84403-204-4 | ||
| 050 | _aCUL TX 819 | ||
| 050 | _b.C9F56 2004 | ||
| 100 | _aFloyd, Keith. | ||
| 245 | _aFloyd's great curries / | ||
| 245 | _cKeith Floyd; photographs by Neil Barclay. | ||
| 260 | _aGreat Britain : | ||
| 260 | _bCassell Illustrated, | ||
| 260 | _c2005 | ||
| 300 | _a144 pages : | ||
| 300 | _bcolor illustrations ; | ||
| 300 | _c24 cm. | ||
| 500 | _aIncludes index. | ||
| 650 | _aCooking (Curry). | ||
| 999 |
_c300701 _d300701 |
||